Lord of the Rings by letter - L - Statistics

General Stats
  • This quiz has been taken 955 times
  • The average score is 5 of 7
Answer Stats
Hint Answer % Correct
Elf of the Fellowship Legolas
99%
The Golden Forest where Lady Galadriel lives Lothlorien
96%
Waybread Lembas
91%
Erebor Lonely Mountain
83%
Popular type of Pipeweed Longbottom Leaf
48%
City of which Forlong the Fat is lord Lossarnach
23%
Region of Gondor which contains Pelargir Lebennin
16%
No matching quizzes found
Score Distribution
Percent of People with Each Score
Percentile by Number Answered
Your Score History
You have not taken this quiz